Študentská vedecká konferencia o fyzike celoštátne kolo. Zborník prác : Košice, 19.- 20. Jún 2002
Salvato in:
| Natura: | Libro |
|---|---|
| Lingua: | slovacco |
| Pubblicazione: |
Košice :
Univerzita P.J.Šafárika v Košiciach,
2002
|
| Soggetti: | |
| Tags: |
Nessun Tag, puoi essere il primo ad aggiungerne!!
|
MARC
| LEADER | 00000nam a22000003a 4500 | ||
|---|---|---|---|
| 001 | stu76946 | ||
| 005 | 20141121223323.3 | ||
| 008 | 020813s2002------------------------slo-d | ||
| 040 | |a STU |b slo | ||
| 041 | 0 | |a slo | |
| 080 | |a 53 |7 stu_us_auth*stu7966 | ||
| 080 | |a 061.3(08) | ||
| 245 | |a Študentská vedecká konferencia o fyzike celoštátne kolo. Zborník prác : |b Košice, 19.- 20. Jún 2002 | ||
| 260 | |a Košice : |b Univerzita P.J.Šafárika v Košiciach, |c 2002 | ||
| 300 | |a 101 s | ||
| 650 | 7 | |a fyzika |2 stusub | |
| 996 | |b 284EZ00228 |c E*Z-793 |l EE0102 |s P |a 0 |w stu76946_0001 | ||